[Event "Kowalewo Pomorskie op"]
[Site "Kowalewo Pomorskie"]
[Date "2008.07.06"]
[Round "3"]
[White "Krasiewicz, Robert"]
[Black "Zebracki, Jaroslaw"]
[Result "1-0"]
[WhiteElo "2136"]
[BlackElo "1906"]
[PlyCount "69"]
[EventDate "2008.07.04"]
[EventType "swiss"]
[EventRounds "9"]
[EventCountry "POL"]
[SourceTitle "CBM 125 Extra"]
[Source "ChessBase"]
[SourceDate "2008.09.01"]
[SourceVersion "1"]
[SourceVersionDate "2008.09.01"]
[SourceQuality "1"]

1. d4 e6 2. Nf3 d5 3. c4 Nf6 4. Nc3 Be7 5. Qc2 0-0 6. e3 c5 7. b3 cxd4 8. exd4 Nc6 9. Be3 Qa5 10. Bd2 Qd8 11. c5 b6 12. Na4 Bd7 13. Ba6 Rb8 14. Bd3 b5 15. Nb2 h6 16. 0-0 Qc7 17. Rfe1 Rfe8 18. Qc1 Bf8 19. Bf4 e5 20. Nxe5 Rb7 21. Ng6 Rxe1+ 22. Qxe1 Qc8 23. Nxf8 Qxf8 24. Bd6 Qe8 25. Qe3 Ng4 26. Qf4 g5 27. Qd2 Nxd4 28. Re1 Be6 29. Bb1 Nc6 30. Qxd5 Re7 31. Qd1 Bxb3 32. Rxe7 Qxe7 33. axb3 Qf6 34. Qxg4 Qxb2 35. Qc8+ 1-0

[Event "Kowalewo Pomorskie op"]
[Site "Kowalewo Pomorskie"]
[Date "2008.07.05"]
[Round "2"]
[White "Zebracki, Jaroslaw"]
[Black "Walkusz, Witoslaw"]
[Result "0-1"]
[WhiteElo "1906"]
[BlackElo "2151"]
[PlyCount "44"]
[EventDate "2008.07.04"]
[EventType "swiss"]
[EventRounds "9"]
[EventCountry "POL"]
[SourceTitle "CBM 125 Extra"]
[Source "ChessBase"]
[SourceDate "2008.09.01"]
[SourceVersion "1"]
[SourceVersionDate "2008.09.01"]
[SourceQuality "1"]

1. e4 e5 2. d4 exd4 3. Qxd4 Nc6 4. Qe3 Qe7 5. Nc3 Nf6 6. Bd2 Qc5 7. Qg3 d6 8. 0-0-0 Ng4 9. Nh3 h5 10. f3 Ne3 11. Bxe3 Qxe3+ 12. Kb1 h4 13. Qf4 Qxf4 14. Nxf4 Bd7 15. Nfd5 Rc8 16. Nb5 Kd8 17. f4 a6 18. Nd4 Nxd4 19. Rxd4 Bc6 20. Bc4 b5 21. Nb4 Bb7 22. Bxf7 c5 0-1